| 000 | 00383nam a2200145Ia 4500 | ||
|---|---|---|---|
| 008 | 230917s9999||||xx |||||||||||||| ||und|| | ||
| 040 |
_e29275 _aMAIN |
||
| 041 | _aEnglish | ||
| 082 | _a512.5 H162L | ||
| 100 | _aHalmos, Paul R | ||
| 245 | 0 | _aLinear algebra problem book | |
| 260 |
_aWashington _bMathematical Association of America _c1995 |
||
| 300 | _axiii, 336 p. | ||
| 942 | _cBK | ||
| 999 |
_c100009 _d100009 |
||